| 000 | 00712nam a2200217Ia 4500 | ||
|---|---|---|---|
| 001 | 17601 | ||
| 003 | GE_BSU | ||
| 008 | 181216s||||||||xx |||||||||||||| ||und|| | ||
| 040 | _cGE_BSU | ||
| 080 | _a821.353.1-1 | ||
| 100 | _aკალაძე,კარლო | ||
| 245 | _aრჩეული ლექსები | ||
| 245 | _cმხატვ.:ირაკლი გამრეკელი,აპ.ქუთათელაძე,მიხ.ჩხიკვაძე | ||
| 260 | _aტფილისი | ||
| 260 | _bსახელგამი | ||
| 260 | _c1927 | ||
| 300 | _a133გვ.;18სმ. | ||
| 300 | _e1ფ.პორტრ. | ||
| 653 | _aრჩეული ლექსები | ||
| 942 | _cBK | ||
| 999 |
_c50651 _d50651 |
||